Statistical Top 100 NBA Players of all Time - Statistics

General Stats
  • This quiz has been taken 55 times
    10 since last reset
  • The average score is 72 of 100
Answer Stats
Ranking Player Score Answer Best Team % Correct
69. 1586.872 Jayson Tatum Celtics
100%
2. 7630.347 Michael Jordan Bulls
100%
38. 2138.453 John Stockton Jazz
90%
3. 6911.438 Kareem Abdul-Jabbar Lakers
90%
1. 8231.214 LeBron James Cavaliers
90%
6. 5251.802 Shaquille O'Neal Lakers
90%
12. 4162.044 Steph Curry Warriors
90%
14. 3687.513 Wilt Chamberlain Warriors
90%
51. 1926.124 Anthony Davis Pelicans
80%
9. 4326.818 Bill Russell Celtics
80%
43. 2024.893 Bob McAdoo Clippers
80%
30. 2555.996 Charles Barkley Suns
80%
26. 2710.606 Chris Paul Clippers
80%
77. 1476.542 Damian Lillard Blazers
80%
19. 3312.357 David Robinson Spurs
80%
49. 1956.302 Dennis Johnson Celtics
80%
41. 2083.76 Dennis Rodman Bulls
80%
20. 3167.343 Dirk Nowitzki Mavericks
80%
56. 1775.126 Draymond Green Warriors
80%
25. 2732.69 Dwight Howard Magic
80%
27. 2695.525 Dwyane Wade Heat
80%
29. 2557.538 Gary Payton Sonics
80%
16. 3519.492 Giannis Antetokounmpo Bucks
80%
10. 4294.871 Hakeem Olajuwon Rockets
80%
37. 2197.33 Isiah Thomas Pistons
80%
23. 2974.411 James Harden Rockets
80%
28. 2607.555 Jason Kidd Nets
80%
89. 1338.827 Jaylen Brown Celtics
80%
34. 2308.281 Jerry West Lakers
80%
54. 1848.779 Joe Dumars Pistons
80%
58. 1750.142 Joel Embiid 76ers
80%
22. 3120.525 John Havlicek Celtics
80%
32. 2421.702 Julius Erving 76ers
80%
11. 4265.447 Karl Malone Jazz
80%
24. 2771.075 Kawhi Leonard Raptors
80%
13. 4154.25 Kevin Durant Thunder/Warriors
80%
15. 3629.43 Kevin Garnett Timberwolves
80%
45. 1986.292 Kevin Mchale Celtics
80%
80. 1437.497 Klay Thompson Warriors
80%
5. 5644.965 Kobe Bryant Lakers
80%
65. 1640.213 Kyrie Irving Cavaliers
80%
8. 4715.468 Larry Bird Celtics
80%
82. 1407.978 Luka Doncic Mavericks
80%
7. 5054.734 Magic Johnson Lakers
80%
91. 1323.683 Manu Ginobili Spurs
80%
95. 1309.783 Marc Gasol Grizzlies
80%
18. 3452.64 Moses Malone Houston
80%
17. 3492.896 Nikola Jokic Nuggets
80%
47. 1967.906 Pau Gasol Lakers
80%
42. 2028.703 Paul Pierce Celtics
80%
60. 1738.131 Rick Barry Warriors
80%
36. 2222.811 Robert Parish Celtics
80%
31. 2448.176 Russell Westbrook Thunder
80%
21. 3155.588 Scottie Pippen Bulls
80%
33. 2415.556 Steve Nash Suns
80%
4. 6166.674 Tim Duncan Spurs
80%
50. 1942.668 Tony Parker Spurs
80%
61. 1733.722 Alonzo Mourning Heat
70%
44. 1986.917 Ben Wallace Pistons
70%
67. 1610.021 Chauncey Billups Pistons
70%
48. 1966.588 Clyde Drexler Blazers
70%
74. 1538.123 Dominique Wilkins Hawks
70%
62. 1708.799 Elgin Baylor Lakers
70%
72. 1549.287 George Gervin Spurs
70%
73. 1541.8 James Worthy Lakers
70%
87. 1361.103 Jimmy Butler Heat
70%
35. 2268.707 Oscar Robertson Kings
70%
40. 2089.774 Patrick Ewing Knicks
70%
83. 1407.718 Rasheed Wallace Pistons
70%
63. 1690.612 Rudy Gobert Jazz
70%
53. 1849.117 Shai Gilgeous-Alexander Thunder
70%
85. 1384.812 Tracy McGrady Magic
70%
57. 1752.311 Walt Frazier Knicks
70%
52. 1853.731 Willis Reed Knicks
70%
76. 1480.059 Al Horford Hawks
60%
39. 2094.562 Allen Iverson 76ers
60%
81. 1423.905 Bill Laimbeer Pistons
60%
96. 1306.861 Bob Pettit Hawks
60%
75. 1505.704 Carmelo Anthony Knicks
60%
59. 1745.448 Chris Bosh Raptors
60%
93. 1314.978 Chris Webber Kings
60%
66. 1618.318 Dave Cowens Celtics
60%
100. 1298.685 Hal Greer 76ers
60%
84. 1407.577 Kyle Lowry Raptors
60%
78. 1475.304 Paul George Pacers
60%
70. 1574.648 Rajon Rondo Celtics
60%
46. 1972.256 Ray Allen Sonics
60%
92. 1317.57 Vince Carter Raptors
60%
68. 1601.172 Wes Unseld Bullets
60%
64. 1681.868 Bill Walton Blazers
50%
71. 1561.154 Jrue Holiday Bucks
50%
79. 1470.803 Kevin Love Timberwolves
50%
97. 1303.569 Reggie Miller Pacers
50%
55. 1776.318 Dikimbe Mutombo Hawks
40%
98. 1302.029 Grant Hill Pistons
40%
86. 1361.367 Shawn Marion Suns
40%
88. 1359.275 Jack Sikma Sonics
30%
90. 1326.984 Maurice Cheeks 76ers
30%
99. 1300.265 Tiny Archibald Kings
30%
94. 1311.064 Sidney Moncreif Bucks
10%
No matching quizzes found
Score Distribution
Percent of People with Each Score
Percentile by Number Answered
Your Score History
You have not taken this quiz since the last reset